Strategic management, fourth edition : (Record no. 347768)

000 -LEADER
fixed length control field 02204 a2200181 4500
020 ## - INTERNATIONAL STANDARD BOOK NUMBER
International Standard Book Number 0750638494 (paperback)
020 ## - INTERNATIONAL STANDARD BOOK NUMBER
International Standard Book Number 9780750638494 (paperback)
082 04 - DEWEY DECIMAL CLASSIFICATION NUMBER
Classification number 658.4012
090 ## - LOCALLY ASSIGNED LC-TYPE CALL NUMBER (OCLC); LOCAL CALL NUMBER (RLIN)
-- 5357
-- 5357
100 1# - MAIN ENTRY--PERSONAL NAME
Personal name Hussey, David E.
245 10 - TITLE STATEMENT
Title Strategic management, fourth edition :
Remainder of title from theory to implementation /
Statement of responsibility, etc. David E. Hussey.
250 ## - EDITION STATEMENT
Edition statement 4th ed.
260 ## - PUBLICATION, DISTRIBUTION, ETC.
Place of publication, distribution, etc. [S.l.] :
Name of publisher, distributor, etc. Butterworth-Heinemann,
Date of publication, distribution, etc. 1998.
300 ## - PHYSICAL DESCRIPTION
Extent 700 p. ;
Dimensions 26 cm.
520 ## - SUMMARY, ETC.
Summary, etc. A major textbook on strategic management which not only deals fully with the theoretical aspects of corporate planning, but also provides practical guidance on implementation. Now completely revised and updated this book is particularly suitable for the student or manager who needs to relate strategic thinking to current practice. The format has been enlarged and the interior of the book re-designed. The fourth edition treats both analytical and behavioural aspects of planning in depth. Strategic analysis is covered in particular detail, with examples reporting proven - and often original - applications of these theories. Six major case studies have been added to illustrate the application of strategic management theory in practice and a chapter discusses the impact of new approaches to strategy. With comprehensive reference lists, and a guide to research resources, this volume will prove invaluable to researchers and advanced students as well as to the practising manager. A lecturer's resource is available on the BH website which contains a Powerpoint presentation, additional case studies and notes and exercises for seminar use. Details are available by emailing bhmarketing@repp.co.uk 'a highly commendable piece of work, a true compendium for the practitioner and student of planning.' - Journal of Strategic Change (review of the third edition) Now includes international case studies showing strategy in action. Concentrates on developing capability for strategic thinking rather than just providing theory or list of techniques. Practical emphasis to allow readers to sharpen their skills.
856 40 - ELECTRONIC LOCATION AND ACCESS
Materials specified Amazon.com
Uniform Resource Identifier <a href="http://www.amazon.com/exec/obidos/ASIN/0750638494/chopaconline-20">http://www.amazon.com/exec/obidos/ASIN/0750638494/chopaconline-20</a>
942 ## - ADDED ENTRY ELEMENTS (KOHA)
Institution code [OBSOLETE] NBS
Koha item type Book
Call number prefix 658.4012 HUS
Holdings
Withdrawn status Lost status Damaged status Not for loan Permanent Location Current Location Date acquired Total Checkouts Full call number Barcode Date last seen Date last checked out Price effective from Koha item type
        Central Library (CL) Central Library (CL) 08/28/2013 1 658.4012 HUS NBS2839 11/24/2014 11/20/2014 08/28/2013 Book
        Central Library (CL) Central Library (CL) 08/28/2013   658.4012 HUS NBS416 08/28/2013   08/28/2013 Book
© 2023 Central Library, National University of Sciences and Technology. All Rights Reserved.